000 02557nam a22004097a 4500
008 140202b ck ||||| |||| 00| 0 spa d
020 _a958-41-0070-X
082 0 4 _a302.1 / M996p
100 1 _aMyers, David G.
_969806
245 1 0 _aPsicología social / David G. Myers ; tr. Hugo Tejada T. ; rev.téc. Clemencia Ramírez, Fabián Arciniegas Vargas
250 _a6a. ed.
264 _aSanta Fe de Bogotá : McGraw-Hill, 2000
300 _a742 p. ; 27 cm.
505 0 0 _aPrefacio -- Introducción a la psicología social -- Pensamiento social -- El yo en el mundo social --
505 0 0 _aCreencias y juicios sociales -- Comportamiento y actitudes -- Influencia social -- Genes, cultura y género --
505 0 0 _aConformidad -- Persuación -- La influencia del grupo -- Relaciones sociales -- Prejuicio : el desagrado por
505 0 0 _alos demás -- Agresión: Lastimar a los demás -- Atracción e intimidad : el agrado y el amor por los demás --
505 0 0 _aAltruismo : ayuda a los demás -- Conflicto y conciliación -- Psicología social aplicada -- La Psicología
505 0 0 _aSocial en la clínica -- La Psicología social en los tribunales -- Glosario -- Referencias -- Índices --
546 _aSocial Psychology
520 _aEsta sexta edición se desarrolla en tres partes ( pensamiento social, influencia social y relaciones
520 _asociales) alrededor de la definición de psicología social, es decir, el estudio científico de la forma en que
520 _alas personas piensan, influyen y se relacionan entre sí. Cada sección contiene resúmenenes y definiciones de
520 _alas palabras clave tanto en los márgenes del libro como en el glosario. Las aplicaciones de la Psicología
520 _asocial se hallan resaltadas en los módulos Psicología social en la clínica y Psicología social en los
520 _atribunales. Al igual que en las anteriores ediciones, el libro enmarca la psicología social dentro de la
520 _atradición actual de las artes liberales y hace énfasis en puntos de particular interés para la formación
520 _aprofesional de los estudiantes de psicología.
590 _aClasificación anterior CG. 1.150 / M4-2000
650 1 4 _aPsicologia social
_9129459
650 1 4 _aPsicologia de las masas
_9129397
650 1 4 _aPsicologia de las minorias
_9129398
650 1 4 _aSalud
_9130891
700 1 _aTejada T., Hugo
_etr.
_986044
700 1 _aRamírez, Clemencia
_e rev.téc.
_977228
700 1 _aArciniegas Vargas, Fabián
_e rev.téc.
_928071
999 _c25119
_d25119